| 000 | 00680nam a2200205 i 4500 | ||
|---|---|---|---|
| 001 | 133471 | ||
| 003 | ES-MaACL | ||
| 005 | 20230906194422.0 | ||
| 007 | t| | ||
| 008 | 070816s1997 fr ||||1| fre d | ||
| 020 | _a2-87009-660-7 | ||
| 080 | _a811.133.1'35 | ||
| 100 | 1 |
_aWynants, Bernadette. _9117472 |
|
| 245 | 1 | 2 |
_aL'orthographe, une norme sociale _b: la construction sociale et le transfromations de l'orthographe française / _cBernadette Wynants. |
| 260 |
_aHayen : _bMardaga, _c[1997] |
||
| 300 |
_a284 p. ; _c22 cm. |
||
| 500 | _aBiblioteca Jacinto Martínez Lacalle. | ||
| 650 | 4 |
_aLengua francesa- _xOrtografía. _914227 |
|
| 852 |
_aES-MaACL _jE-11953 _bR.139876 |
||
| 999 |
_c133471 _d133471 |
||